Statistics for Asian Mediterranean Countries

Click here to take the quiz!

General Stats

  • This quiz has been taken 58 times
    (31 since last reset)
  • The average score is 5 of 5

Answer Stats

Country% Correct
Israel
97%
Syria
97%
Lebanon
93%
Turkey
93%
Cyprus
90%

Score Distribution

Percentile by Number Answered

Percent of People with Each Score

Your Score History

You have not taken this quiz since the last reset